<?xml version="1.0" encoding="UTF-8"?>
<record
    xmlns:xsi="http://www.w3.org/2001/XMLSchema-instance"
    xsi:schemaLocation="http://www.loc.gov/MARC21/slim http://www.loc.gov/standards/marcxml/schema/MARC21slim.xsd"
    xmlns="http://www.loc.gov/MARC21/slim">

  <leader>01434nam0a22003131  4500</leader>
  <controlfield tag="001">v19\rc\1964648</controlfield>
  <controlfield tag="005">20251118181029.7</controlfield>
  <datafield tag="035" ind1=" " ind2=" ">
    <subfield code="a">(NLR Aleph) 005048034</subfield>
  </datafield>
  <datafield tag="090" ind1=" " ind2=" ">
    <subfield code="a">6864510</subfield>
    <subfield code="c">6864510</subfield>
  </datafield>
  <datafield tag="100" ind1=" " ind2=" ">
    <subfield code="a">20080428d1913    u  y0rusy50      ca</subfield>
  </datafield>
  <datafield tag="101" ind1="1" ind2=" ">
    <subfield code="a">rus</subfield>
    <subfield code="c">ger</subfield>
  </datafield>
  <datafield tag="102" ind1=" " ind2=" ">
    <subfield code="a">RU</subfield>
  </datafield>
  <datafield tag="105" ind1=" " ind2=" ">
    <subfield code="a">y   z   |||||</subfield>
  </datafield>
  <datafield tag="200" ind1="1" ind2=" ">
    <subfield code="a">&#x410;&#x442;&#x43B;&#x430;&#x441; &#x431;&#x43E;&#x43B;&#x435;&#x437;&#x43D;&#x435;&#x439; &#x43A;&#x43E;&#x436;&#x438;, &#x441;&#x43E; &#x432;&#x43A;&#x43B;&#x44E;&#x447;&#x435;&#x43D;&#x438;&#x435;&#x43C; &#x432;&#x430;&#x436;&#x43D;&#x435;&#x439;&#x448;&#x438;&#x445; &#x432;&#x435;&#x43D;&#x435;&#x440;&#x438;&#x447;&#x435;&#x441;&#x43A;&#x438;&#x445; &#x437;&#x430;&#x431;&#x43E;&#x43B;&#x435;&#x432;&#x430;&#x43D;&#x438;&#x439;</subfield>
    <subfield code="e">&#x414;&#x43B;&#x44F; &#x43F;&#x440;&#x430;&#x43A;&#x442;. &#x432;&#x440;&#x430;&#x447;&#x435;&#x439; &#x438; &#x441;&#x442;&#x443;&#x434;&#x435;&#x43D;&#x442;&#x43E;&#x432;</subfield>
    <subfield code="f">Dr. E. Jacobi, &#x43F;&#x440;&#x43E;&#x444;. &#x438; &#x434;&#x438;&#x440;. &#x434;&#x435;&#x440;&#x43C;&#x430;&#x442;. &#x443;&#x43D;-&#x442;&#x430; &#x43A;&#x43B;&#x438;&#x43D;&#x438;&#x43A;&#x438; &#x432; &#x424;&#x440;&#x435;&#x439;&#x431;&#x443;&#x440;&#x433;&#x435;</subfield>
    <subfield code="g">&#x41F;&#x435;&#x440;. &#x441; 5 &#x437;&#x43D;&#x430;&#x447;. &#x434;&#x43E;&#x43F;. &#x438; &#x43F;&#x435;&#x440;&#x435;&#x440;&#x430;&#x431;. &#x43D;&#x435;&#x43C;. &#x438;&#x437;&#x434;. &#x43F;&#x440;&#x438;&#x432;.-&#x434;&#x43E;&#x446;. &#x41C;.&#x411;. &#x411;&#x43B;&#x44E;&#x43C;&#x435;&#x43D;&#x430;&#x443;</subfield>
    <subfield code="g">&#x421; &#x43F;&#x440;&#x435;&#x434;&#x438;&#x441;&#x43B;. &#x430;&#x432;&#x442;. &#x43A; &#x440;&#x443;&#x441;. &#x438;&#x437;&#x434;.</subfield>
  </datafield>
  <datafield tag="205" ind1=" " ind2=" ">
    <subfield code="a">3-&#x435; &#x438;&#x437;&#x434;. &#x427;. 1-2</subfield>
  </datafield>
  <datafield tag="210" ind1=" " ind2=" ">
    <subfield code="a">&#x421;&#x430;&#x43D;&#x43A;&#x442;-&#x41F;&#x435;&#x442;&#x435;&#x440;&#x431;&#x443;&#x440;&#x433;</subfield>
    <subfield code="c">"&#x41F;&#x440;&#x430;&#x43A;&#x442;. &#x43C;&#x435;&#x434;&#x438;&#x446;&#x438;&#x43D;&#x430;" (&#x412;.&#x421;. &#x42D;&#x442;&#x442;&#x438;&#x43D;&#x433;&#x435;&#x440;&#x430;)</subfield>
    <subfield code="d">1913</subfield>
  </datafield>
  <datafield tag="215" ind1=" " ind2=" ">
    <subfield code="d">27</subfield>
  </datafield>
  <datafield tag="300" ind1=" " ind2=" ">
    <subfield code="a">&#x41D;&#x430; &#x442;&#x438;&#x442;. &#x43B;. &#x442;&#x430;&#x43A;&#x436;&#x435; &#x437;&#x430;&#x433;&#x43B;. &#x411;&#x435;&#x440;&#x43B;&#x438;&#x43D;.-&#x412;&#x435;&#x43D;. &#x438;&#x437;&#x434;. 1913 &#x433;. &#x43D;&#x430; &#x43D;&#x435;&#x43C;. &#x44F;&#x437;.</subfield>
  </datafield>
  <datafield tag="700" ind1=" " ind2="1">
    <subfield code="a">&#x42F;&#x43A;&#x43E;&#x431;&#x438;</subfield>
    <subfield code="b">&#x42D;.</subfield>
    <subfield code="f">1862-1915</subfield>
    <subfield code="g">&#x42D;&#x434;&#x443;&#x430;&#x440;&#x434;</subfield>
  </datafield>
  <datafield tag="702" ind1=" " ind2="1">
    <subfield code="a">&#x411;&#x43B;&#x44E;&#x43C;&#x435;&#x43D;&#x430;&#x443;</subfield>
    <subfield code="b">&#x41C;.&#x411;.</subfield>
    <subfield code="f">1859-</subfield>
    <subfield code="g">&#x41C;&#x430;&#x43A;&#x441; &#x411;&#x43E;&#x440;&#x438;&#x441;&#x43E;&#x432;&#x438;&#x447;</subfield>
    <subfield code="4">730</subfield>
  </datafield>
  <datafield tag="801" ind1=" " ind2="0">
    <subfield code="a">RU</subfield>
    <subfield code="b">NLR</subfield>
    <subfield code="g">psbo</subfield>
  </datafield>
  <datafield tag="801" ind1=" " ind2="0">
    <subfield code="a">RU</subfield>
    <subfield code="b">RuMoRGB</subfield>
    <subfield code="2">psbo</subfield>
  </datafield>
  <datafield tag="801" ind1=" " ind2="1">
    <subfield code="a">RU</subfield>
    <subfield code="b">ProSoft-M</subfield>
    <subfield code="2">rusmarc</subfield>
  </datafield>
  <datafield tag="852" ind1=" " ind2=" ">
    <subfield code="a">NLR</subfield>
    <subfield code="j">38.46.2.45(&#x447;. 1-2)</subfield>
  </datafield>
  <datafield tag="899" ind1=" " ind2=" ">
    <subfield code="a">RuMoRGB</subfield>
    <subfield code="j">U 276/37</subfield>
  </datafield>
  <datafield tag="899" ind1=" " ind2=" ">
    <subfield code="a">RuMoRGB</subfield>
    <subfield code="j">E 78&#x430;/16</subfield>
  </datafield>
  <datafield tag="899" ind1=" " ind2=" ">
    <subfield code="a">&#x411;&#x410;&#x41D;</subfield>
  </datafield>
  <datafield tag="942" ind1=" " ind2=" ">
    <subfield code="c">BOOK</subfield>
  </datafield>
  <datafield tag="980" ind1=" " ind2=" ">
    <subfield code="a">NB</subfield>
  </datafield>
  <datafield tag="995" ind1=" " ind2=" ">
    <subfield code="5">2013-10-26</subfield>
    <subfield code="b">NLR02</subfield>
    <subfield code="c">NLR02</subfield>
    <subfield code="e">RFS</subfield>
    <subfield code="f">5048034-10</subfield>
    <subfield code="k">38.46.2.45(&#x447;. 1-2)</subfield>
    <subfield code="o">0</subfield>
    <subfield code="r">BOOK</subfield>
    <subfield code="s">3846245_12</subfield>
  </datafield>
  <datafield tag="995" ind1=" " ind2=" ">
    <subfield code="5">2013-10-26</subfield>
    <subfield code="b">NLR01</subfield>
    <subfield code="c">NLR01</subfield>
    <subfield code="e">TEMP</subfield>
    <subfield code="f">5048034-40</subfield>
    <subfield code="o">0</subfield>
    <subfield code="r">BOOK</subfield>
  </datafield>
  <datafield tag="995" ind1=" " ind2=" ">
    <subfield code="5">2014-03-27</subfield>
    <subfield code="a">aa</subfield>
    <subfield code="b">NLR01</subfield>
    <subfield code="c">NLR01</subfield>
    <subfield code="e">OZ3</subfield>
    <subfield code="f">1-356296</subfield>
    <subfield code="k">&#x41C;1 &#x420;58/&#x42F;-462</subfield>
    <subfield code="o">0</subfield>
    <subfield code="r">BOOK</subfield>
    <subfield code="s">1_58462</subfield>
  </datafield>
</record>
